Tendencias/ (Record no. 4034)

MARC details
000 -LEADER
campo de control de longitud fija 00613nam a22002057a 4500
003 - IDENTIFICADOR DE NÚMERO DE CONTROL
campo de control OSt
005 - FECHA Y HORA DE LA ÚLTIMA TRANSACCIÓN
campo de control 20230712112704.0
008 - DATOS DE LONGITUD FIJA--INFORMACIÓN GENERAL
campo de control de longitud fija 221006b |||||||| |||| 00| 0 eng d
040 ## - FUENTE DE CATALOGACIÓN
Centro/agencia transcriptor Biblioteca Lado V
082 ## - NÚMERO DE LA CLASIFICACIÓN DECIMAL DEWEY
Número de clasificación 700
Número de ítem T932t
100 ## - ENTRADA PRINCIPAL--NOMBRE DE PERSONA
9 (RLIN) 891
Nombre de persona Turcios, Roberto
Término indicativo de función/relación editor
245 ## - MENCIÓN DEL TÍTULO
Título Tendencias/
260 ## - PUBLICACIÓN, DISTRIBUCIÓN, ETC.
Fecha de publicación, distribución, etc. 1998
Nombre del editor, distribuidor, etc. COOPEX
Lugar de publicación, distribución, etc. El Salvador
300 ## - DESCRIPCIÓN FÍSICA
Dimensiones 22x28cm
Extensión 52p.
490 ## - MENCIÓN DE SERIE
Designación de volumen o secuencia 1998
Mención de serie 68
650 ## - PUNTO DE ACCESO ADICIONAL DE MATERIA--TÉRMINO DE MATERIA
Fuente del encabezamiento o término Tesauro de Arte & Arquitectura
Término de materia o nombre geográfico como elemento de entrada ARTE
650 ## - PUNTO DE ACCESO ADICIONAL DE MATERIA--TÉRMINO DE MATERIA
Fuente del encabezamiento o término Tesauro de Arte & Arquitectura
Término de materia o nombre geográfico como elemento de entrada CRITICA
650 ## - PUNTO DE ACCESO ADICIONAL DE MATERIA--TÉRMINO DE MATERIA
Fuente del encabezamiento o término Tesauro de Arte & Arquitectura
Término de materia o nombre geográfico como elemento de entrada CULTURA
942 ## - ELEMENTOS DE ENTRADA SECUNDARIOS (KOHA)
Fuente del sistema de clasificación o colocación Clasificación Decimal Dewey
Tipo de ítem Koha Libros
Parte de la signatura que corresponde a la clasificación (Parte de la clasificación) 700
Parte de la signatura que identifica el ejemplar (Parte del ítem) T932t
Suprimir en OPAC No
Holdings
Estatus retirado Estado de pérdida Fuente del sistema de clasificación o colocación Especificación de materiales (volumen encuadernado u otra parte) Estado de daño No para préstamo Colección Biblioteca de origen Biblioteca actual Fecha de adquisición Enumeración/cronología de publicación seriada Número de inventario Total de préstamos Signatura topográfica completa Código de barras Visto por última vez Precio de reemplazo Tipo de ítem Koha
    Clasificación Decimal Dewey 1998     Revistas Biblioteca LadoV Biblioteca LadoV 12/07/2023 68 003775   700 T932t 003775 12/07/2023 12/07/2023 Libros